| 000 | 00722nam a22002417a 4500 | ||
|---|---|---|---|
| 003 | UA-OsUOA | ||
| 001 | 98858 | ||
| 007 | ta | ||
| 008 | 20130418b un ||||| |||| 00| 0 ukr d | ||
| 100 | _aРоллан Р. | ||
| 090 |
_a821.161.1 _bР67 |
||
| 942 | _cBK | ||
| 040 |
_aUA-OsUOA _brus _cUA-OsUOA _dUA-OsUOA |
||
| 245 |
_aСобрание сочинений в четырнадцати томах _bТ. 5 _cЖан-Кристоф |
||
| 300 | _a437 с. | ||
| 955 | _a3 | ||
| 041 | _arus | ||
| 080 | _a821.161.1 | ||
| 260 |
_aМ. _bХудожественная литература _c1956 |
||
| 246 | 3 | 1 |
_aкн. 6, 7, 8 _n |
| 650 | 7 |
_a82 Література. Літературознавство _2UDC |
|
| 999 |
_c385216 _d385216 |
||